Implementación de sistema de gestión de venta e inventario con reconocimiento de producto en restaurante Rico Mondongo / (Registro nro. 49112)

Detalles MARC
000 -LEADER
fixed length control field 02759nam a2200265 4500
005 - DATE AND TIME OF LATEST TRANSACTION
control field 20250708211552.0
008 - FIXED-LENGTH DATA ELEMENTS--GENERAL INFORMATION
fixed length control field 170718s2025 000 0 eng d
040 ## - CATALOGING SOURCE
Original cataloging agency CO-CtgCURN
Language of cataloging spa
Transcribing agency coctgcurn
082 0# - DEWEY DECIMAL CLASSIFICATION NUMBER
Classification number TSI 2025
Item number M385
100 1# - MAIN ENTRY--PERSONAL NAME
Personal name Martínez Delgado, Franklin Asis.
245 10 - TITLE STATEMENT
Title Implementación de sistema de gestión de venta e inventario con reconocimiento de producto en restaurante Rico Mondongo /
Statement of responsibility, etc. Franklin Asis Martínez Delgado; Henry James Mendoza Zepeda; Santiago Andres Garcia Acevedo; Director: Jorge Manuel Barrios Sanchez.
260 ## - PUBLICATION, DISTRIBUTION, ETC.
Place of publication, distribution, etc. Cartagena de Indias :
Name of publisher, distributor, etc. Corporación Universitaria Rafael Nuñez,
Date of publication, distribution, etc. 2025.
300 ## - PHYSICAL DESCRIPTION
Extent 41 hojas.
504 ## - BIBLIOGRAPHY, ETC. NOTE
Bibliography, etc. note Trabajo de grado (Tecnologo en sistemas de información y software). Corporación Universitaria Rafael Nuñez. Facultad de ingenieria de sistema. Tecnologia en sistema de información y software, 2025.
520 ## - SUMMARY, ETC.
Summary, etc. "En la actualidad, la gestión eficiente de los restaurantes se ha convertido en un factor determinante para su éxito y sostenibilidad en un mercado altamente competitivo. El crecimiento continuo del sector gastronómico ha traído consigo mayores exigencias por parte de los clientes, así como desafíos operativos cada vez más complejos. Entre estos desafíos destacan la necesidad de ofrecer un servicio rápido, mantener un control preciso del inventario y minimizar los errores en los procesos de venta y despacho. Los sistemas de gestión tradicionales, ya sean manuales o con funcionalidades limitadas, suelen presentar deficiencias significativas. Estas incluyen demoras en el registro de pedidos, discrepancias entre el inventario físico y el registrado, y una experiencia del cliente poco eficiente. Todo esto repercute negativamente en la productividad del personal, la toma de decisiones gerenciales y la rentabilidad general del establecimiento. "
650 #0 - SUBJECT ADDED ENTRY--TOPICAL TERM
Topical term or geographic name entry element Sistemas de información y software
General subdivision Tesis y disertaciones academicas.
700 1# - ADDED ENTRY--PERSONAL NAME
Personal name Mendoza Zepeda, Henry James.
700 1# - ADDED ENTRY--PERSONAL NAME
Personal name García Acevedo, Santiago Andrés.
700 1# - ADDED ENTRY--PERSONAL NAME
Personal name Barrios Sanchez, Jorge Manuel,
Relator term asesor.
856 ## - ELECTRONIC LOCATION AND ACCESS
Uniform Resource Identifier <a href="https://unicurn.sharepoint.com/:b:/s/biblioteca/ESMLJ-KgIhdFrlUU1O12iq4BqGfc9ZbzrxXlXQujHgPWEw?e=ZtHZ0j">https://unicurn.sharepoint.com/:b:/s/biblioteca/ESMLJ-KgIhdFrlUU1O12iq4BqGfc9ZbzrxXlXQujHgPWEw?e=ZtHZ0j</a>
Public note Click aqui para ver el recurso en texto completo
856 ## - ELECTRONIC LOCATION AND ACCESS
Uniform Resource Identifier <a href="https://unicurn.sharepoint.com/:b:/s/biblioteca/EWJ5ADFHNeFGgWI4D4M8OnIBFVTSdSSBtrekNtMfqHEdVg?e=DSre7V">https://unicurn.sharepoint.com/:b:/s/biblioteca/EWJ5ADFHNeFGgWI4D4M8OnIBFVTSdSSBtrekNtMfqHEdVg?e=DSre7V</a>
Public note Click aqui para ver el recurso en texto completo manual del usuario
856 ## - ELECTRONIC LOCATION AND ACCESS
Uniform Resource Identifier <a href="https://unicurn.sharepoint.com/:b:/s/biblioteca/EWxiRHekYlRHthRqz7tqwXgBuONcHkVprwEu7rdNruT9jQ?e=opZCGa">https://unicurn.sharepoint.com/:b:/s/biblioteca/EWxiRHekYlRHthRqz7tqwXgBuONcHkVprwEu7rdNruT9jQ?e=opZCGa</a>
Public note Click aqui para ver el recurso en texto completo manual del sistema
942 ## - ADDED ENTRY ELEMENTS (KOHA)
Classification part TSI 2025
Item part M385
Source of classification or shelving scheme Dewey Decimal Classification
Koha item type Trabajos de grado
Existencias
Withdrawn status Lost status Damaged status Not for loan Collection Home library Current library Shelving location Date acquired Cost, normal purchase price Inventory number Total checkouts Full call number Barcode Date last seen Price effective from Koha item type
        Trabajos de grado Miguel Henríquez Castañeda Miguel Henríquez Castañeda Trabajo de grado 09/23/2018 35000.00 025599   TSI 2025 M385 025599 07/08/2025 07/08/2025 Trabajos de grado